[Event "Titled Tuesday intern op 23rd Apr Late"]
[Site "Chess.com INT"]
[Date "2024.04.23"]
[Round "1"]
[White "Bluebaum, Matthias"]
[Black "Balla, Tamas Kristof"]
[Result "1-0"]
[WhiteElo "2649"]
[BlackElo "2291"]
[PlyCount "111"]
[EventDate "2024.04.23"]
[EventType "swiss (blitz)"]
[EventRounds "11"]
[EventCountry "USA"]
[SourceTitle "CB18_2024"]
[SourceDate "2024.05.01"]
[SourceVersion "1"]
[SourceVersionDate "2024.05.01"]
[SourceQuality "2"]

1. d4 d5 2. c4 e6 3. Nc3 c5 4. cxd5 exd5 5. Nf3 Nc6 6. a3 Nf6 7. Bg5 Be6 8. e3 cxd4 9. Nxd4 Be7 10. Bb5 Rc8 11. 0-0 0-0 12. Rc1 h6 13. Bh4 Nxd4 14. Qxd4 a6 15. Be2 Qd7 16. Rfd1 Rfd8 17. h3 Rc7 18. Na4 Rxc1 19. Rxc1 Ne8 20. Nb6 Qd6 21. Bg3 Bf6 22. Qxf6 Nxf6 23. Bxd6 Rxd6 24. Na4 d4 25. exd4 Rxd4 26. b4 Rd2 27. Bf3 Bd5 28. Bxd5 Nxd5 29. Nc5 Nf4 30. Re1 Nd3 31. Re8+ Kh7 32. Nxb7 Rd1+ 33. Kh2 Nxf2 34. Re7 Rd3 35. Rxf7 Ne4 36. Re7 Nd2 37. a4 Rb3 38. Rd7 Nc4 39. Nc5 Rxb4 40. Rd4 a5 41. Rd7 Nb2 42. Ne6 Nxa4 43. Rxg7+ Kh8 44. Ra7 Rb5 45. g4 Nc3 46. Nf4 Ne4 47. Re7 Rb2+ 48. Kg1 Ng3 49. Nd5 Kg8 50. Ra7 Ra2 51. h4 a4 52. g5 hxg5 53. hxg5 a3 54. Nf6+ Kf8 55. g6 Ra1+ 56. Kg2 1-0

[Event "Titled Tuesday intern op 23rd Apr Late"]
[Site "Chess.com INT"]
[Date "2024.04.23"]
[Round "8"]
[White "Bluebaum, Matthias"]
[Black "Boyer, Mahel"]
[Result "1-0"]
[WhiteElo "2649"]
[BlackElo "2432"]
[PlyCount "49"]
[EventDate "2024.04.23"]
[EventType "swiss (blitz)"]
[EventRounds "11"]
[EventCountry "USA"]
[SourceTitle "CB18_2024"]
[SourceDate "2024.05.01"]
[SourceVersion "1"]
[SourceVersionDate "2024.05.01"]
[SourceQuality "2"]

1. d4 d5 2. c4 e6 3. Nc3 h6 4. Bf4 Nf6 5. e3 Bd6 6. Nh3 0-0 7. g4 Bb4 8. Rg1 Ne4 9. Qc2 c5 10. dxc5 Nc6 11. g5 e5 12. gxh6 exf4 13. Rxg7+ Kh8 14. cxd5 Bf5 15. Bd3 Qxd5 16. Nxf4 Qe5 17. 0-0-0 Bxc3 18. bxc3 Rad8 19. f3 Nxc3 20. Re1 Nb4 21. Bxf5 Ncxa2+ 22. Kb1 Nc3+ 23. Qxc3 Qxf5+ 24. e4 Na2 25. Rh7+ 1-0

[Event "Titled Tuesday intern op 23rd Apr Late"]
[Site "Chess.com INT"]
[Date "2024.04.23"]
[Round "6"]
[White "Holt, Conrad"]
[Black "Bluebaum, Matthias"]
[Result "0-1"]
[WhiteElo "2540"]
[BlackElo "2649"]
[PlyCount "76"]
[EventDate "2024.04.23"]
[EventType "swiss (blitz)"]
[EventRounds "11"]
[EventCountry "USA"]
[SourceTitle "CB18_2024"]
[SourceDate "2024.05.01"]
[SourceVersion "1"]
[SourceVersionDate "2024.05.01"]
[SourceQuality "2"]

1. d4 d5 2. c4 e6 3. Nc3 Bb4 4. a3 Bxc3+ 5. bxc3 Nf6 6. e3 c6 7. a4 0-0 8. Nf3 Qc7 9. Bd3 dxc4 10. Bxc4 c5 11. Ba3 Re8 12. Bb5 Bd7 13. 0-0 Bxb5 14. axb5 Nbd7 15. Qb1 e5 16. Qf5 a6 17. b6 Nxb6 18. dxe5 Nfd7 19. Ng5 Nf8 20. e6 fxe6 21. Qe4 h6 22. Nf3 Nd5 23. c4 Nf6 24. Qc2 e5 25. Qf5 Qd7 26. Qb1 e4 27. Rd1 Qf7 28. Nd2 Rac8 29. Bb2 N8h7 30. h3 Qg6 31. Qc2 Kh8 32. Bc3 Ng5 33. Kh1 Qf5 34. Nf1 Nxh3 35. gxh3 Qxh3+ 36. Kg1 Ng4 37. Rd5 Rf8 38. f4 exf3 0-1

[Event "Titled Tuesday intern op 16th Apr Early"]
[Site "Chess.com INT"]
[Date "2024.04.16"]
[Round "3"]
[White "Bluebaum, Matthias"]
[Black "Vaz, Ethan"]
[Result "1/2-1/2"]
[WhiteElo "2649"]
[BlackElo "2411"]
[PlyCount "134"]
[EventDate "2024.04.16"]
[EventType "swiss (blitz)"]
[EventRounds "11"]
[EventCountry "USA"]
[SourceTitle "CB17_2024"]
[SourceDate "2024.04.24"]
[SourceVersion "1"]
[SourceVersionDate "2024.04.24"]
[SourceQuality "1"]

1. d4 Nf6 2. c4 e6 3. Nc3 d5 4. cxd5 exd5 5. Bg5 Be7 6. e3 h6 7. Bf4 0-0 8. Bd3 c5 9. Nf3 Nc6 10. 0-0 Bg4 11. dxc5 Bxc5 12. Rc1 Rc8 13. h3 Bh5 14. Be2 Re8 15. Nb5 Ne4 16. Rxc5 Nxc5 17. Nd6 Ne7 18. Nxe8 Qxe8 19. Bd6 f6 20. Qd4 b6 21. Rd1 Bf7 22. Qg4 Be6 23. Qf4 Ng6 24. Qb4 Ne4 25. Nd4 Bf7 26. Bb5 Qd8 27. Bh2 a5 28. Qa3 Rc5 29. Bd3 Qc8 30. Nb3 Rc6 31. f3 Ng5 32. Qa4 Ne5 33. Bxe5 fxe5 34. h4 Ne6 35. Bf5 Rd6 36. Qa3 Qc7 37. Rc1 Qd8 38. Nd2 Rd7 39. Bxe6 Bxe6 40. Rc6 Bf7 41. Qd3 Qxh4 42. Nf1 Qd8 43. Ng3 Rc7 44. Rxc7 Qxc7 45. Kh2 h5 46. Kg1 e4 47. fxe4 Qxg3 48. exd5 Qe1+ 49. Kh2 Qh4+ 50. Kg1 Qd8 51. e4 Qd6 52. Kf1 Qe5 53. d6 Qf6+ 54. Kg1 Be6 55. d7 Qd8 56. Qd6 Qxd7 57. Qxb6 Qd1+ 58. Kh2 Qg4 59. Qd8+ Kh7 60. Qxa5 Qh4+ 61. Kg1 Qxe4 62. Qxh5+ Kg8 63. Qd1 Qe3+ 64. Kh2 Qf4+ 65. Kg1 Qe3+ 66. Kh2 Qf4+ 67. Kg1 Qe3+ 1/2-1/2

[Event "Titled Tuesday intern op 16th Apr Late"]
[Site "Chess.com INT"]
[Date "2024.04.16"]
[Round "6"]
[White "Gorovets, Andrey"]
[Black "Bluebaum, Matthias"]
[Result "0-1"]
[WhiteElo "2480"]
[BlackElo "2649"]
[PlyCount "62"]
[EventDate "2024.04.16"]
[EventType "swiss (blitz)"]
[EventRounds "11"]
[EventCountry "USA"]
[SourceTitle "CB17_2024"]
[SourceDate "2024.04.24"]
[SourceVersion "1"]
[SourceVersionDate "2024.04.24"]
[SourceQuality "1"]

1. Nf3 d5 2. g3 e6 3. Bg2 Nf6 4. c4 Nc6 5. d4 Bd6 6. b3 0-0 7. Bb2 dxc4 8. bxc4 e5 9. d5 Na5 10. Nxe5 Qe7 11. Qd4 Re8 12. f4 Bc5 13. Qd3 c6 14. Nc3 Ng4 15. Nxg4 Bxg4 16. e4 b5 17. cxb5 cxb5 18. h3 Nc4 19. Bc1 Bd7 20. Kf1 Rac8 21. Bf3 b4 22. Qxc4 Bb6 23. Qe2 Rxc3 24. Kg2 Qc5 25. Bd2 Bb5 26. Qe1 Rxf3 27. Kxf3 Bd3 28. Rc1 Qd4 29. e5 Qxd5+ 30. Kg4 Be4 31. Bxb4 Qe6+ 0-1

[Event "Titled Tuesday intern op 16th Apr Early"]
[Site "Chess.com INT"]
[Date "2024.04.16"]
[Round "2"]
[White "Teterev, Vitaly"]
[Black "Bluebaum, Matthias"]
[Result "0-1"]
[WhiteElo "2257"]
[BlackElo "2649"]
[PlyCount "98"]
[EventDate "2024.04.16"]
[EventType "swiss (blitz)"]
[EventRounds "11"]
[EventCountry "USA"]
[SourceTitle "CB17_2024"]
[SourceDate "2024.04.24"]
[SourceVersion "1"]
[SourceVersionDate "2024.04.24"]
[SourceQuality "1"]

1. Nf3 d5 2. g3 e6 3. Bg2 Nf6 4. 0-0 Bd6 5. d3 0-0 6. Nbd2 Nc6 7. e4 dxe4 8. dxe4 e5 9. c3 a5 10. Qe2 b6 11. Rd1 Ba6 12. Qe1 Qe7 13. Bf1 Bxf1 14. Qxf1 Qe6 15. Qe2 Rad8 16. a4 h6 17. Nc4 Bc5 18. Bd2 Rd7 19. Kg2 Rfd8 20. b3 Rd3 21. Ne1 R3d7 22. Nf3 Ne8 23. Be1 Nd6 24. Nfd2 Ne7 25. Nxd6 cxd6 26. Nc4 d5 27. exd5 Rxd5 28. Rxd5 Qxd5+ 29. f3 Nc6 30. Ra2 Qd1 31. Qxd1 Rxd1 32. Bf2 Rb1 33. Rb2 Rc1 34. Nxb6 Bxf2 35. Kxf2 Rxc3 36. Nc4 f6 37. Ne3 Nb4 38. Nd1 Rc1 39. Rd2 Rb1 40. Ne3 Rxb3 41. Rd8+ Kh7 42. Rd7 Nd3+ 43. Ke2 Nc5 44. Ra7 Rb2+ 45. Kf1 Nxa4 46. Nf5 Nc3 47. Rxg7+ Kh8 48. Rc7 Rb3 49. Nxh6 a4 0-1

[Event "Titled Tuesday intern op 02nd Apr Late"]
[Site "Chess.com INT"]
[Date "2024.04.02"]
[Round "5"]
[White "Bluebaum, Matthias"]
[Black "Duda, Jan Krzysztof"]
[Result "0-1"]
[WhiteElo "2649"]
[BlackElo "2731"]
[PlyCount "122"]
[EventDate "2024.04.02"]
[EventType "swiss (blitz)"]
[EventRounds "11"]
[EventCountry "USA"]
[SourceTitle "CB15_2024"]
[SourceDate "2024.04.10"]
[SourceVersion "1"]
[SourceVersionDate "2024.04.10"]
[SourceQuality "1"]

1. d4 Nf6 2. c4 e6 3. Nc3 Bb4 4. e3 0-0 5. Bd2 c5 6. a3 Bxc3 7. Bxc3 Ne4 8. Ne2 b6 9. d5 Ba6 10. Qd3 exd5 11. Qxd5 Qe7 12. b3 Nc6 13. Bb2 Rad8 14. Ng3 Nf6 15. Qg5 h6 16. Qf4 d5 17. Nf5 Qe4 18. Qxe4 Nxe4 19. Nxh6+ gxh6 20. f3 Ng5 21. h4 Ne6 22. cxd5 Bxf1 23. dxe6 Bd3 24. Rh3 fxe6 25. b4 Kf7 26. Rc1 c4 27. h5 Rg8 28. g4 e5 29. Kf2 b5 30. Rg3 Ke7 31. Bc3 Rdf8 32. Rcg1 Rg5 33. Bd2 a6 34. e4 Kf6 35. Ke3 Ra8 36. Bc3 Ke6 37. f4 exf4+ 38. Kxf4 Rf8+ 39. Ke3 Ne5 40. a4 bxa4 41. Ra1 Nxg4+ 42. Kd2 Rf2+ 43. Kc1 Rf1+ 44. Kb2 Rxa1 45. Kxa1 Bxe4 46. Rg1 Rg8 47. Rd1 Bd3 48. Kb2 Kf5 49. Ka3 Re8 50. Bg7 Re7 51. Bf8 Re6 52. Bc5 Nf6 53. Rg1 Nxh5 54. Kxa4 Nf4 55. Ka5 c3 56. Rg8 c2 57. Rf8+ Rf6 58. Rc8 c1Q 59. b5 Qc3+ 60. Bb4 Qa1+ 61. Ba3 Qxa3# 0-1

[Event "Karlsruhe Grenke op"]
[Site "Karlsruhe"]
[Date "2024.03.31"]
[Round "6"]
[White "Bluebaum, Matthias"]
[Black "Knuedel, Torben"]
[Result "1-0"]
[WhiteElo "2655"]
[BlackElo "2299"]
[PlyCount "105"]
[EventDate "2024.03.28"]
[EventType "swiss"]
[EventRounds "9"]
[EventCountry "GER"]
[SourceTitle "CB14_2024"]
[SourceDate "2024.04.01"]
[SourceVersion "1"]
[SourceVersionDate "2024.04.01"]
[SourceQuality "1"]

1. d4 Nf6 2. c4 e6 3. g3 d5 4. Bg2 Be7 5. Nf3 0-0 6. Qd3 a5 7. 0-0 c6 8. Nbd2 b5 9. c5 Nbd7 10. Qc2 b4 11. e4 dxe4 12. Nxe4 Nxe4 13. Qxe4 Ba6 14. Re1 Rc8 15. Qc2 Re8 16. a3 bxa3 17. Rxa3 Bb5 18. Bf4 Nf6 19. Rea1 a4 20. b3 axb3 21. Qxb3 Qd5 22. Qc2 Qe4 23. Qxe4 Nxe4 24. Ne5 Nf6 25. Ra7 Nd5 26. Bf1 f6 27. Nd7 Bxf1 28. Kxf1 e5 29. dxe5 fxe5 30. Be3 h5 31. Kg2 Red8 32. Kh3 Nxe3 33. fxe3 Bg5 34. e4 Be3 35. Kh4 Re8 36. Kxh5 Re6 37. Kg4 Bd4 38. Rb1 Rce8 39. Rbb7 Rh6 40. h4 Rg6+ 41. Kf3 Kh7 42. g4 Kh6 43. g5+ Kh5 44. Nf6+ Rxf6+ 45. gxf6 Rf8 46. Rf7 Rxf7 47. Rxf7 gxf6 48. Rxf6 Bxc5 49. Rxc6 Bb4 50. Re6 Bc3 51. Kg3 Be1+ 52. Kh3 Bg3 53. Re8 1-0

[Event "Titled Tuesday intern op 12th Mar Early"]
[Site "Chess.com INT"]
[Date "2024.03.12"]
[Round "8"]
[White "Bluebaum, Matthias"]
[Black "Seo, Jung Min"]
[Result "1-0"]
[WhiteElo "2655"]
[BlackElo "2450"]
[PlyCount "53"]
[EventDate "2024.03.12"]
[EventType "swiss (blitz)"]
[EventRounds "11"]
[EventCountry "USA"]
[SourceTitle "CB12_2024"]
[SourceDate "2023.10.01"]
[SourceVersion "1"]
[SourceVersionDate "2023.10.01"]
[SourceQuality "1"]

1. d4 Nf6 2. c4 e6 3. Nc3 Bb4 4. e3 0-0 5. Bd2 c5 6. a3 Bxc3 7. Bxc3 Ne4 8. Ne2 b6 9. d5 Bb7 10. f3 Nxc3 11. Nxc3 exd5 12. cxd5 d6 13. e4 Nd7 14. Be2 Qh4+ 15. g3 Qh3 16. Qd2 f5 17. 0-0-0 Nf6 18. exf5 Qxf5 19. g4 Qd7 20. Bd3 Rae8 21. Bb5 Qf7 22. Bxe8 Rxe8 23. Rhe1 Rxe1 24. Qxe1 Kf8 25. Qd2 h6 26. Qf4 Qe7 27. Ne4 1-0

[Event "Titled Tuesday intern op 12th Mar Early"]
[Site "Chess.com INT"]
[Date "2024.03.12"]
[Round "9"]
[White "Yeletsky, Ivan"]
[Black "Bluebaum, Matthias"]
[Result "0-1"]
[WhiteElo "2504"]
[BlackElo "2655"]
[PlyCount "60"]
[EventDate "2024.03.12"]
[EventType "swiss (blitz)"]
[EventRounds "11"]
[EventCountry "USA"]
[SourceTitle "CB12_2024"]
[SourceDate "2023.10.01"]
[SourceVersion "1"]
[SourceVersionDate "2023.10.01"]
[SourceQuality "1"]

1. d4 d5 2. Bf4 c5 3. e4 e6 4. Nc3 cxd4 5. Qxd4 Nc6 6. Qa4 Bb4 7. 0-0-0 Bxc3 8. bxc3 Nge7 9. exd5 exd5 10. Bd3 0-0 11. Nf3 Bf5 12. Rhe1 Bxd3 13. Rxd3 Ng6 14. Bg3 Qf6 15. h4 h5 16. Rxd5 Qxc3 17. Qb3 Qa1+ 18. Qb1 Qf6 19. Qb2 Qxb2+ 20. Kxb2 b6 21. Rxh5 Na5 22. Re4 Rac8 23. Rg5 Rfd8 24. h5 Nf8 25. Rgg4 f5 26. Rxg7+ Kxg7 27. Re7+ Kg8 28. h6 Nc4+ 29. Kc1 Rd7 30. h7+ Kh8 0-1

[Event "Titled Tuesday intern op 27th Feb Late"]
[Site "Chess.com INT"]
[Date "2024.02.27"]
[Round "5"]
[White "Bluebaum, Matthias"]
[Black "Vachier Lagrave, Maxime"]
[Result "1/2-1/2"]
[WhiteElo "2658"]
[BlackElo "2732"]
[PlyCount "88"]
[EventDate "2024.02.27"]
[EventType "swiss (blitz)"]
[EventRounds "11"]
[EventCountry "USA"]
[SourceTitle "CB10_2024"]
[SourceDate "2024.03.06"]
[SourceVersion "1"]
[SourceVersionDate "2024.03.06"]
[SourceQuality "1"]

1. d4 Nf6 2. c4 g6 3. Nc3 d5 4. cxd5 Nxd5 5. e4 Nxc3 6. bxc3 Bg7 7. Nf3 c5 8. Bb5+ Nc6 9. 0-0 0-0 10. Bxc6 bxc6 11. Qc2 Qa5 12. a4 cxd4 13. cxd4 Bg4 14. Ne5 Bxe5 15. dxe5 Qxe5 16. Bb2 Qf4 17. Qc5 Qd6 18. Qc3 f6 19. f3 Be6 20. Rfd1 Qc7 21. Qc5 Rad8 22. h4 Kf7 23. Ba3 Rxd1+ 24. Rxd1 Rb8 25. Bb4 Qb6 26. Rd4 Qxc5 27. Bxc5 a5 28. Kh2 h6 29. Kg3 g5 30. hxg5 hxg5 31. Rd2 Rb7 32. Rd8 Bb3 33. Ra8 Bxa4 34. Rxa5 Rb5 35. Rxb5 cxb5 36. Kf2 Bc2 37. Ke3 e5 38. g3 Ke6 39. Bb4 Bd1 40. g4 Bb3 41. Ba3 Bc4 42. Bb4 Bb3 43. Ba3 Bc4 44. Bb4 Bb3 1/2-1/2